000 00639nam a2200217Ii 4500
001 5980
003 CO-ViMGA
008 241108s9999||||xx |||||||||||||| ||und||
020 _a9589075193
040 _aCO-ViMGA
_bspa
_erda
_cCO-ViMGA
041 0 _aunk
082 0 4 _aC861-R934a
100 1 _aDarío Ruiz Gómez
_954084
245 1 2 _aA la sombra del Angel
264 1 _a[Lugar de publicación no identificado] : Biblioteca Pública Piloto, 1990
300 _avolumen
336 _atext
_btxt
_2rdacontent
337 _aunmediated
_bn
_2rdamedia
338 _avolume
_bnc
_2rdacarrier
940 _aidficha_siabuc: 5833. -- ficha_no_siabuc:5980
999 _c50945
_d50945